000 00423nam a2200181Ia 4500
001 22746
005 20260414150851.0
008 260414t1959||||xx |||||||||||||| ||spa||
041 _aESP
082 _a621.4021
_bS82
100 _aStoever, Herman
_eAUT
245 0 _aIngenieria termodinámica
_b
260 _c1959
300 _a550 páginas :
_c23 cm.
650 _aTCA
654 _aCET
942 _cLIB
_dJUS
_fJUS
_2ddc
_n
999 _c22746
_d22746